Adaptabilidad de las estrategias universitarias latinoamericanas a los estándares propuestos por los indicadores de los rankings internacionales (Record no. 205053)

MARC details
000 -CABECERA
campo de control de longitud fija 01968cab a2200301 ab4500
005 - FECHA Y HORA DE LA ÚLTIMA TRANSACCIÓN
campo de control 20260415064240.0
008 - ELEMENTOS DE LONGITUD FIJA--INFORMACIÓN GENERAL
campo de control de longitud fija 991125c2018 mx tr p o 000 0 spa d
035 ## - NÚMERO DE CONTROL DEL SISTEMA
Número de control de sistema UPN01000232958
040 ## - FUENTE DE LA CATALOGACIÓN
Centro catalogador/agencia de origen MX-MxUPN
Lengua de catalogación spa
Centro/agencia transcriptor MX-MxUPN
Normas de descripción aacr2
049 ## - COLECCIÓN
Colección ART-E
100 1# - ASIENTO PRINCIPAL--NOMBRE PERSONAL
Nombre de persona Zayas Marques, Carolina
Enlace - carolina.zayas@uabc.edu.mx
100 1# - ASIENTO PRINCIPAL--NOMBRE PERSONAL
Nombre de persona Moctezuma Hernández, Patricia
9 (RLIN) 34551
100 1# - ASIENTO PRINCIPAL--NOMBRE PERSONAL
Nombre de persona López Leyva, Santos
100 1# - ASIENTO PRINCIPAL--NOMBRE PERSONAL
Nombre de persona Avila López, Luis Alfredo
245 10 - MENCIÓN DE TÍTULO
Título Adaptabilidad de las estrategias universitarias latinoamericanas a los estándares propuestos por los indicadores de los rankings internacionales
506 0# - NOTA DE RESTRICCIONES AL ACCESO
Limitaciones de acceso Acceso abierto
520 3# - NOTA DE RESUMEN, ETC.
Sumario, etc. Este trabajo analiza los procesos de gestión de la Universidad de Sao Paulo, Pontificia Universidad Católica de Chile, Universidad de los Andes Colombia y la Universidad Nacional Autónoma de México, a través del Plan de Desarrollo Institucional (PDI). Estas instituciones figuran como líderes en Latinoamérica, por lo que el eje central del trabajo es analizar la relación que presentan las estrategias planteadas en los PDI con los indicadores de algunos rankings internacionales con mayor número de citas, es decir; el Academic Ranking World Universities (ARWU), Times Higher Education Suplement (THES) y Quaquarelli Symonds (QS). Se observa una alineación indirecta de las estrategias implementadas por las universidades hacia los indicadores de los rankings. RIESED
650 #4 - ASIENTO SECUNDARIO DE MATERIA - TERMINO TEMATICO
Término de materia o nombre geográfico como elemento de entrada Calidad de la educación
9 (RLIN) 4684
650 #4 - ASIENTO SECUNDARIO DE MATERIA - TERMINO TEMATICO
Término de materia o nombre geográfico como elemento de entrada Evaluación educativa
9 (RLIN) 4298
653 0# - TERMINO DE INDIZACION - NO CONTROLADO
Término no controlado Política educativa
653 0# - TERMINO DE INDIZACION - NO CONTROLADO
Término no controlado Rankings universitarios
773 ## - ENLACE AL DOCUMENTO FUENTE/ENTRADA DE REGISTRO ANFITRIÓN
Parte(s) relacionada(s) Vol. 2, no. 8, esp. (2018), p. 151-171
Título RIESED: Revista internacional de estudios sobre sistemas educativos
Número Internacional Normalizado para Publicaciones Seriadas 2007-9117
856 4# - LOCALIZACIÓN Y ACCESO ELECTRÓNICOS
Identificador Uniforme del Recurso <a href="http://www.riesed.org/index.php/RIESED/article/view/108/122">http://www.riesed.org/index.php/RIESED/article/view/108/122</a>
856 4# - LOCALIZACIÓN Y ACCESO ELECTRÓNICOS
Identificador Uniforme del Recurso <a href="https://www.riesed.org/index.php/RIESED/article/view/108">https://www.riesed.org/index.php/RIESED/article/view/108</a>
902 ## - ELEMENTOS DE DATOS B LOCAL, LDB (RLIN)
Creó Leonor Sotres/200525
905 ## - TIPO DE MATERIAL
Tipo de material Articulo
942 ## - ELEMENTOS DE PUNTO DE ACCESO ADICIONAL (KOHA)
Tipo de ítem Koha Artículo Electrónico
Holdings
Estado de retiro Estado de pérdida Estado dañado No para préstamo Código de colección Localización permanente Ubicación/localización actual Ubicación en estantería Fecha de adquisición Total de préstamos Fecha visto por última vez Identificador Uniforme del Recurso Precio válido a partir de Tipo de ítem Koha
        Acceso abierto Bib. Gregorio Torres Quintero Bib. Gregorio Torres Quintero En línea 20/05/2025   20/05/2025 https://www.riesed.org/index.php/RIESED/article/view/108 20/05/2025 Artículo Electrónico